Compositeurs et leurs oeuvres - Statistiques

Statistiques générales
  • Ce quiz a été pris 156 fois
    155 depuis la dernière actualisation
  • Le résultat moyen est 22 sur 39
Statistiques - réponses
Oeuvres Réponse % Correct
Ode à la joie, Fidélio, Lettre à Elise (Für Elise) Ludwig Van Beethoven
100%
Don Giovanni, La Flûte enchantée, Requiem, Les Noces de Figaro Wolfgang Amadeus Mozart
94%
Pavane pour une infante défunte, Daphnis et Chloé, Le Boléro Maurice Ravel
85%
Gloria, Concerto pour mandoline et cordes, Les 4 saisons Antonio Vivaldi
82%
Variations Goldberg, Concertos brandebourgeois, Toccata en ré mineur Jean-Sébastien Bach
82%
Samson et Dalila, Danse macabre, Le Carnaval des Animaux Camille Saint-Saëns
79%
Danse des chevaliers, Pierre et le Loup, Roméo et Juliette Sergueï Prokofiev
79%
Le Vaisseau fantôme, Tristan et Isolde, Le Choeur nuptial, La Chevauchée des Valkyries Richard Wagner
78%
Symphonie n°6 (Pathétique), Ouverture 1812, Lac des Cygnes, Casse-Noisette Piotr Ilitch Tchaïkovsky
76%
Rigoletto, Aïda, La Traviata Giuseppe Verdi
75%
L'Arlésienne, Les Pêcheurs de perles, Carmen Georges Bizet
72%
Marche funèbre, Mazurkas, Nocturnes Frédéric Chopin
69%
La fille aux cheveux de lin, Clair de Lune, Pelléas et Mélisande Claude Debussy
66%
Rinaldo, Triumphlied, Danses hongroises Johannes Brahms
66%
Peer Gynt, La Marche des Trolls, Dans l'antre du roi de la montagne Edvard Grieg
64%
Un Américain à Paris, Porgy & Bess, Rhapsody in Blue George Gershwin
64%
Pulcinella, Pétrouchka, L'Oiseau de feu, Le Sacre du Printemps Igor Stravinsky
64%
La Damnation de Faust, La Symphonie Fantastique, Les Nuits d'été, Les Troyens Hector Berlioz
63%
Rusalka, Humoresques, Symphonie n°9 (Nouveau Monde) Antonín Dvořák
60%
Grande Ritournelle de La Belle excentrique, La Diva de l'Empire, Gymnopédies Erik Satie
60%
Ouverture de Guillaume Tell, La Cenerentola, Le Barbier de Séville Gioachino Rossini
58%
La Belle Hélène, Les Contes d'Hoffmann, Orphée aux Enfers Jacques Offenbach
55%
La Bohème, Madame Butterfly, Turandot Giacomo Puccini
54%
Symphonie inachevée, Le Roi des aulnes, Le Chant du cygne Franz Schubert
52%
Liebesträum, Rhapsodies hongroises, Les Préludes Franz Liszt
49%
Water Music, Zadok the Priest, Messie Georg Friedrich Haendel
43%
Finlandia, Karelia, Valse triste Jean Sibelius
43%
Le Carnaval de Venise, Les 24 caprices, La Campanella Niccolò Paganini
42%
Le Chevalier à la rose, Don Quichotte, Ainsi parlait Zarathoustra Richard Strauss
42%
Atys, Armide, Le Bourgeois gentilhomme Jean-Baptiste Lully
39%
Le Vol du bourdon, Capriccio espagnol, Schéhérazade Nikolaï Rimski-Korsakov
38%
Duel of the Fates, Hedwig's Theme, La Marche impériale John Williams
37%
La Grande Porte de Kiev, Boris Godounov, La Nuit sur le Mont Chauve Modeste Moussorgsky
35%
Symphonie n°1 (Titan), Symphonie n°2 (Résurrection), Le Chant de la Terre (Das Lied von der Erde) Gustav Mahler
34%
Jazz Suite n°2, Symphonie n°7 (Leningrad), Quatuor à cordes n°8 Dmitri Chostakovitch
32%
Dans les steppes de l'Asie centrale, Danses Polovtsiennes, Le Prince Igor Alexandre Borodine
28%
L'Empereur, Tzigane, La Création Joseph Haydn
23%
La somnambule, Casta Diva, Bianca et Fernando, Norma Vincenzo Bellini
19%
Romance sans parole, Les Hébrides, Songe d'une nuit d'été Félix Mendelssohn-Bartholdy
9%
Aucun quiz correspondant
Distribution des résultats
% des personnes avec chaque résultat
Percentile par nombre de réponses
Votre historique - résultats
Vous n’avez pas pris ce quiz depuis la dernière actualisation